[Event "Nouadhibou Independence op"]
[Site "Nouadhibou"]
[Date "2014.11.30"]
[Round "9"]
[White "Ghoulam, Hamada Deya"]
[Black "Taleb, Ahd Jidou Khlifa"]
[Result "0-1"]
[WhiteElo "1584"]
[BlackElo "1675"]
[PlyCount "62"]
[EventDate "2014.11.27"]
[EventType "swiss"]
[EventRounds "9"]
[EventCountry "MAU"]
[SourceTitle "CBM 163 Extra"]
[Source "ChessBase"]
[SourceDate "2014.12.23"]
[SourceVersion "1"]
[SourceVersionDate "2014.12.23"]
[SourceQuality "1"]

1. e4 e6 2. d4 d5 3. Nc3 Nf6 4. e5 Nfd7 5. Nf3 c5 6. Bd3 Nc6 7. Be3 Qb6 8. dxc5 Bxc5 9. Bxc5 Qxc5 10. Qe2 d4 11. Ne4 Qa5+ 12. Nfd2 Ndxe5 13. a3 h6 14. 0-0-0 0-0 15. f4 Nxd3+ 16. cxd3 e5 17. Nc4 Qc7 18. Kb1 exf4 19. Rhf1 Be6 20. Qf2 g5 21. Rde1 Bxc4 22. dxc4 Rad8 23. b3 Qe7 24. Ka2 a5 25. a4 Nb4+ 26. Kb1 Nd3 27. Qe2 Nxe1 28. Rxe1 d3 29. Qd2 Rfe8 30. g3 fxg3 31. hxg3 f5 0-1

[Event "Nouadhibou Independence op"]
[Site "Nouadhibou"]
[Date "2014.11.29"]
[Round "7"]
[White "Cheiguer, Mohamed Abdellahi"]
[Black "Ghoulam, Hamada Deya"]
[Result "0-1"]
[WhiteElo "1771"]
[BlackElo "1584"]
[PlyCount "76"]
[EventDate "2014.11.27"]
[EventType "swiss"]
[EventRounds "9"]
[EventCountry "MAU"]
[SourceTitle "CBM 163 Extra"]
[Source "ChessBase"]
[SourceDate "2014.12.23"]
[SourceVersion "1"]
[SourceVersionDate "2014.12.23"]
[SourceQuality "1"]

1. e4 e5 2. Nf3 Nf6 3. d4 Nxe4 4. dxe5 d5 5. exd6 Nxd6 6. Bd3 Be7 7. 0-0 0-0 8. Bf4 Nc6 9. c3 Bg4 10. Nbd2 g6 11. Bh6 Re8 12. Qc2 Bf5 13. Bxf5 Nxf5 14. Bf4 Ng7 15. Rad1 Ne6 16. Bh6 Bf8 17. Ne4 Qe7 18. Bg5 Nxg5 19. Nexg5 h6 20. Rde1 Qf6 21. Ne4 Qf4 22. Qd2 Rxe4 23. Rxe4 Qxe4 24. Re1 Qf5 25. Qd1 g5 26. Nd4 Nxd4 27. Qxd4 Bc5 28. Qd2 Qf6 29. b4 Bd6 30. g3 Rd8 31. Qe3 b6 32. a3 c5 33. Rd1 Bc7 34. Rxd8+ Qxd8 35. bxc5 bxc5 36. Qxc5 Bb6 37. Qb4 Qd1+ 38. Kg2 Qe1 0-1

[Event "MAU-ch"]
[Site "Nouadhibou"]
[Date "2014.01.03"]
[Round "11"]
[White "Ghoulam, Hamada Deya"]
[Black "Med, Salem Ghaylani"]
[Result "1-0"]
[WhiteElo "1655"]
[BlackElo "1629"]
[PlyCount "67"]
[EventDate "2013.12.28"]
[EventType "swiss"]
[EventRounds "11"]
[EventCountry "MAU"]
[SourceTitle "CBM 158 Extra"]
[Source "ChessBase"]
[SourceDate "2014.02.28"]
[SourceVersion "1"]
[SourceVersionDate "2014.02.28"]
[SourceQuality "1"]

1. e4 g6 2. f4 e5 3. d3 Bg7 4. Nc3 exf4 5. Bxf4 Nc6 6. Nf3 d6 7. Be2 Nf6 8. 0-0 0-0 9. Bg5 Qe8 10. Nd2 Nd7 11. Nd5 Qe5 12. Be3 Nb6 13. Nc4 Qe8 14. Ncxb6 axb6 15. Nxc7 Qd7 16. Nxa8 Qd8 17. Bxb6 Qe8 18. Nc7 Qe7 19. Nd5 Qd7 20. Bg4 f5 21. exf5 gxf5 22. Bh3 Bxb2 23. Qh5 Bxa1 24. Rxa1 Qe6 25. c4 Qe5 26. Rf1 Be6 27. Qh4 Bxd5 28. cxd5 Qxd5 29. Bxf5 Rxf5 30. Qg4+ Rg5 31. Qc8+ Kg7 32. Qf8+ Kg6 33. Qf6+ Kh5 34. Rf3 1-0